LEADER 01309nam a2200289 u 4500 001 000000003532 003 CaOOAMICUS 005 20070226104541.0 008 940514s1991 is u000 u ita u 035 $a10092881 040 $aPUL(R)$bita 041 0 $aita$aheb$aeng 100 1 $aNiccacci, Alviero,$cO.F.M.$0(OLS)http://pul/name/3714 245 10$aLettura sintattica della prosa ebraico-biblica :$bprincipi e applicazioni /$cAlviero Niccacci. 260 $aJerusalem :$bFranciscan Printing Press,$c1991. 300 $axi, 264 p. ;$c24 cm 490 1 $aAnalecta$aStudium Biblicum Franciscanum ;$v31 504 $aBibliografia: p. 253-256. 630 04$aBiblia$xLingua e stile.$0(OLS)http://pul/subject/2992 650 4$aLingua ebraica biblica$xSintassi.$0(OLS)http://pul/subject/2993 830 0$aAnalecta$pStudium Biblicum Franciscanum ;$v31.$0(OLS)http://pul/title/4069 850 $aPUL 852 $aPUL$W1$xDP1 Fondo Ciprotti$y59$m1532 F 9$j4675$nBK-PRI$b $qFondi$B4675$CPULBib$Z2$F4675 $H $81 941 1 $a1 961 $aINV: 0156. Fondo Ciprotti 996 $6245$aLettura sintattica della prosa ebraico-biblica :$bprincipi e applicazioni$9(OLS)http://pul/title/5166 996 $6260$aJerusalem :$bFranciscan Printing Press$9(OLS)http://pul/publisher/47907 LEADER 01425nam a2200349 u 4500 001 000000069948 003 CaOOAMICUS 005 20070226121951.0 008 020423s1988 it u000 u ita u 020 $a8842032948 035 $a10927563 040 $aPUL(R)$bita 041 1 $aita$hfre 100 1 $aBrelich, Angelo.$0(OLS)http://pul/name/443 240 10$aHistoire des Religions.$lItaliano.$0(OLS)http://pul/title/92284 245 10$aReligione e storia delle religioni /$cBrelich A., Meslin M. 260 $aBari :$bLaterza,$c1988. 300 $a116 p. ;$c20 cm 490 1 $aStoria delle religioni 490 1 $aBiblioteca universale (Laterza) ;$v227 500 $aContiene indici. 504 $aInclude riferimenti bibliografici. 650 4$aReligioni$xStoria.$0(OLS)http://pul/subject/130 700 1 $aMeslin, Michel.$0(OLS)http://pul/name/4133 830 0$aBiblioteca universale (Laterza) ;$v227.$0(OLS)http://pul/title/51 830 0$aStoria delle religioni (Laterza).$0(OLS)http://pul/title/64845 850 $aPUL 852 $aPUL$W1$xDP1 Cons. Gen., Altre Classi 1$y22$m781 B 6$j90554$n $b $qStampati$B90554$CPULBib$Z2$F90554 $H60737 $81 941 1 $a8 996 $6020$a8842032948$9(OLS)http://pul/number/90524 996 $6245$aReligione e storia delle religioni$9(OLS)http://pul/title/92298 996 $6260$aBari :$bLaterza$9(OLS)http://pul/publisher/47895